00860nam a22002177a 450000500170000001000140001702000270003102000240005803500130008203700130009508200190010810000230012724501180015026000450026827000580031330000510037150000360042294200330045899900170049195201340050820100727104153.0 aENG-96900 a9780195698886c1950.00 a0195698886c1950.00 aEN-80433 bDBAD/PUB a355.0209540903 aRoy, Kaushik92535 aThe oxford companion to modern warfare in India :bfrom the eighteenth century to present times /cby Kaushik Roy aNew DelhibOxford University Pressc2009 aYMCA Library Building, Jai Singh, bNew Delhie110001 axvi, 326p.:bill.c28cm, (Hb)eb/w photographs aincludes bibliography and index 2ddccENh355.0209540903mROY c37837d37837 001040718NFICaDBADbDBADd2010-07-27eDBAD/PUBg1950.00l0o355.0209540903 ROYpEN-80433r2010-07-27 00:00:00t1v1950.00yEN